Megafauna of Australia - Statistics

General Stats
  • This quiz has been taken 79 times
    76 since last reset
  • The average score is 8 of 16
Answer Stats
Picture Answer % Correct
Emu
93%
Red Kangaroo
86%
Southern Cassowary
81%
Northern Cassowary
79%
Saltwater Crocodile
79%
Australian Sea Lion
68%
New Zealand Sea Lion
68%
Southern Elephant Seal
68%
Australasian Fur Seal
46%
Brown (Australian) Fur Seal
46%
Freshwater Crocodile
39%
Eastern Gray Kangaroo
25%
Western Gray Kangaroo
19%
Amethystine Python
11%
Antilopine Kangaroo
11%
New Guinea Crocodile
11%
No matching quizzes found
Score Distribution
Percent of People with Each Score
Percentile by Number Answered
Your Score History
You have not taken this quiz since the last reset